000 00467nam a2200181Ia 4500
001 2401
005 20260306144804.0
008 260306t2013||||xx |||||||||||||| ||spa||
041 _aESP
082 _a616.89
_bH44
100 _aHernández Espinosa, Víctor
_eAUT
245 0 _aLas psicosis:
_bsufrimiento mental y comprensión psicodinámica
260 _c2013
300 _a352 páginas :
_c22 cm.
650 _aGEN
654 _aCPS
942 _cLIB
_dJUS
_fJUS
_2ddc
_n
999 _c2401
_d2401